00295nam a22000977a 4500082002100000100002700021245008600048260004400134300001100178563000800189 a346.5491015bDEO aDeoka, Mian Sadi Abbas aThe Family Trial & Procedure:bfamily trial step by step /cMian Sadi Abbas Deoka aLahore:bPopular Law Book Hosue,c2019. a360 p. aHB.